Регионална библиотека "Любен Каравелов" - Русе

Anne of Green Gables (Запис номер 179465)

MARC детайли
000 -Лидер
Контролно поле с фиксирана дължина 01468nam a2200397 c 4500
003 - Код на организацията, давaща контролен номер
Контролно поле BLK
005 - Дата и час на последна редакция
Контролно поле 20220808161615.0
008 - Елементи от данни с фиксирана дължина
fixed length control field 180411b bul|||||r ||||||| ||bul||
010 ## - Наследен системен номер
LC control number KNG00188244000
020 ## - Международен стандартен номер на книга ISBN
Международен стандартен номер на книга ISBN 978-0-19-479052-9
-- издат.: Oxford Univ. Press
040 ## - Източник на каталожния запис
Идентификатор на билиотеката - собственик на записа BLK
041 ## - Код за език
Код за езика на текст/звукозапис или на отделно заглавие Английски
Код за езика КДБФ Английски
072 #7 - Код за тематичната категория
Код организация bullib
Код за тематична категория Н80
Текст Езикознание Н
080 ## - УДК
Текстов определител УДК Английски език
УДК код - определител по УДК 811.111
УДК определител (075.4)
УДК - код + определител 811.111(075.4)
080 ## - УДК
Текстов определител УДК Англоканадска литература
УДК код - определител по УДК 821.111(71)
УДК определител -32-91
УДК - код + определител 821.111(71)-32-91
100 1# - Редна дума - Автор
Автор Montgomery, Lucy Maud
Авторска отговорност първи автор
R(LIN) 292710
139 ## - Редно поле
Редна дума Montgomery, Lucy Maud
Авторски знак Mont - M 82
245 10 - Сведения за заглавието
Заглавие Anne of Green Gables
Подзаглавни данни Stage 2
Редно поле (дума) Lucy Maud Montgomery; retold by Clare West.
257 ## - Страна на издаване
Страна на създаване/издаване Канада
260 ## - Област на издателските данни
-- Oxford
Име на издателя, разпространителя и проч. Oxford Univ. Press
Година на издаване 2008
300 ## - Физическа характеристика
Страници 56 с.
Илюстрации и др. с ил.
Размери/Мащаб 20 см
Съпровождащи материали CD
380 ## - Жанр
Жанр Езикознание. Филология
490 1# - СЕРИИ (Колекции)
Име на серия Oxford Bookworms Library
490 1# - СЕРИИ (Колекции)
-- Подсерия
Име на серия Human Interest
500 ## - Общи забележки
Забележка CD със същото загл. и сигн. Цб CD 4163
650 #4 - Допълнително описание по предмет – тема
Основно описание – тема или топоним Английски език - текстове, адаптирани
9 (RLIN) 241528
653 ## - Ключова дума – ненормативна
Ключова дума английски език
653 ## - Ключова дума – ненормативна
Ключова дума адаптирани книги
659 ## - Тематичен бюлетин
Тематичен бюлетин Н
700 1# - Други автори (авторска отговорност)
Лично име West, Clare
Автороска отговорност (Описва отношението между автора и произведението) retold by
9 (RLIN) 275986
852 ## - Местоположение
Форматна сигнатура Цб 280853
856 4# - Електронен адрес и достъп
Електронен формат pdf - файл
Път до файла /url/
856 4# - Електронен адрес и достъп
Електронен формат pdf - файл
Път до файла /url/
942 ## - АРТИКУЛИ
Вид на библиотечния материал Книги
Скрит в OPAC Не
Koha issues (borrowed), all copies 3
944 ## - СЪЗДАВАНЕ И РЕДАКЦИЯ на ЗАПИСА
Създаване/Редакция Създаване
Дата на регистрацията/редакция 06.06.2016
Служител, извършил регистрацията/редакцията Виолета_Тройчева
944 ## - СЪЗДАВАНЕ И РЕДАКЦИЯ на ЗАПИСА
Създаване/Редакция Редакция
Дата на регистрацията/редакция 11.08.2016
Служител, извършил регистрацията/редакцията Геновева_Генчева
999 ## - СИСТЕМНИ КОНТРОЛНИ НОМЕРА
Koha biblionumber 179465
Koha biblioitemnumber 179465
Наличности
Код за отписване Код за изгубен артикул Източник на класификационната схема Код за повреда Коз за рестрикции Код за отдаване Артикулен № Име на библиотеката - собственик Име на библиотеката, в която се намира в момента Статус (Текущо местоположение) Дата на вписване в системата Местоположение - отдел Цена в лева Инвентарен номер Систематично азбучна сигнатура Баркод Номер на екземпляра Цена в евро Служебна бележка Служебен тип на артикула
  Не е изгубен Universal Decimal Classification Не е повреден без рестрикции заемане за дома 307830 Регионална библиотека "Любен Каравелов" Русе Регионална библиотека "Любен Каравелов" Русе ЧЧЗО - англ. ез. - Британски съвет 2016-06-17 ЧЧЗО - англ. ез. - Британски съвет 14.04 120000801112 Ч3 802.0/М 82 120000801112 1 7.18 Дост: Pk Вид: Ф N: 1071 Дата: 01.06.2016 Книги
Vip Innovations Ltd, Rousse, Bulgaria 2025